Liput, joissa on keltaista - Äkkikuolema - Statistics

Yleistilastot
  • Tätä visaa on pelattu 139 kertaa
  • Keskiarvotulos 11 / 20
Answers on the Grid
Answers color-coded by a green-red scale on the quiz's grid according to % correct below.
Alankomaat
Angola
Antigua ja Barbuda
Argentiina
Australia
Bahama
Bangladesh
Belgia
Bosnia ja Hertsegovina
Botswana
Chile
Dominica
Ecuador
Espanja
Gabon
Grenada
Honduras
Italia
Itävalta
Jamaika
Japani
Jordania
Kamerun
Kiina
Kirgisia
Kreikka
Kuwait
Laos
Latvia
Liberia
Liettua
Madagaskar
Malesia
Mikronesia
Monaco
Norja
Panama
Pohjois-Makedonia
Puola
Ranska
Samoa
Sierra Leone
Sri Lanka
Tanska
Thaimaa
Ukraina
Valko-Venäjä
Yhdistynyt kuningaskunta
 
Vastaustilastot
Vastaus % Oikein
Espanja
80%
Belgia
78%
Kiina
76%
Ukraina
75%
Jamaika
71%
Ecuador
64%
Bosnia ja Hertsegovina
61%
Pohjois-Makedonia
60%
Sri Lanka
57%
Liettua
55%
Kirgisia
54%
Argentiina
53%
Antigua ja Barbuda
48%
Grenada
46%
Angola
45%
Kamerun
45%
Bahama
43%
Dominica
39%
Gabon
29%
Malesia
28%
Ehtoja vastaavia visoja ei löytynyt
Tulosjakauma
Jokaisen tuloksen saaneiden osuus
Persentiili vastausten määrän mukaan
Tuloshistoriasi
Et ole pelannut tätä visaa